Normal view MARC view
  • PREVENCION DEL DELITO

Entry Materia

Number of records used in: 20

001 - NÚMERO DE CONTROL DEL REGISTRO

  • campo de control: 8378

003 - IDENTIFICADOR DE NUMERO DE CONTROL

  • campo de control: UPN

005 - FECHA Y HORA DE LA ÚLTIMA TRANSACCIÓN

  • campo de control: 20210219193725.0

008 - DATOS DE LONGITUD FIJA

  • campo de control de longitud fija: nabaccnnaabn|||||||||| b |nc|||||d

035 ## - NÚMERO DE CONTROL DEL SISTEMA

  • Número de control del sistema: UPN10000008384

040 ## - FUENTE DE LA CATALOGACIÓN

  • Lengua de catalogación: SPA
  • Agencia de transcripción: UPN

053 #4 - NÚMERO CLASIFICADOR - BIBLIOTECA DEL CONGRESO (LC)

  • Elemento numérico de la clasificación - Número único o no. inicial del rango: HV7431

150 ## - ENCABEZAMIENTO - TEMÁTICO

  • Término de materia o nombre geográfico como elemento inicial: PREVENCION DEL DELITO

450 ## - VÉASE - MATERIA

  • Encabezamiento temático: Crimen -
  • Subdivisión temática general: Prevención

450 ## - VÉASE - MATERIA

  • Encabezamiento temático: Delito -
  • Subdivisión temática general: Prevención

450 ## - VÉASE - MATERIA

  • Encabezamiento temático: Delitos -
  • Subdivisión temática general: Prevención

670 ## - FUENTE EN LA QUE SE LOCALIZARON DATOS

  • Cita de la fuente: LC/P
  • Información localizada: Crime prevention

902 ## - CATALOGADOR

  • Catalogador: BDV/051207